ბათუმის შოთა რუსთაველის სახელმწიფო უნივერსიტეტის ბიბლიოთეკა

სკოლის დაფინანსება : პრობლემების ანალიზი და მათი გადაჭრის გზები / (ბიბ.ჩანაწერი № 57198)

000 -ლიდერი
ფიქსირებული სიგრძის საკონტროლო ველი 01569nam a22002537a 4500
003 - საკონტროლო ნომრის იდენტიფიკატორი
საკონტროლო ველი Ge_BSU
005 - ბოლო ოპერაციის თარიღი და დრო
საკონტროლო ველი 20210928104426.0
008 - ფიქსირებული სიგრძის მონაცემთა ელემენტები - ზოგადი ინფორმაცია
ფიქსირებული სიგრძის საკონტროლო ველი 200110s2012ge xxu||||| |||| 00| 0 geo d
020 ## - წიგნის საერთაშორისო სტანდარტული ნომერი
International Standard Book Number 9789941181306
041 ## - ენის კოდი
Language code of text/sound track or separate title geo
080 ## - უნივერსალური ათობითი კლასიფიკაციის ინდექსი
Universal Decimal Classification number 338.9+37 მ-40
100 ## - მთავარი ჩანაწერი - პიროვნების სახელი
Personal name მაღლაკელიძე, შორენა.
9 (RLIN) 6068
245 ## - ცნობა სათაურის შესახებ
Title სკოლის დაფინანსება : პრობლემების ანალიზი და მათი გადაჭრის გზები /
Statement of responsibility, etc შორენა მაღლაკელიძე ; ზურაბ გიორგობიანი ; ბერიკა შუკაკიძე ; მთარგმნ : ლანა ყურაშვილი; გვანცა თვალჭრელიძე.
264 ## - წარმოების, გამოცემის, დისტრიბუციის და სხვა ცნობები
გამოცემის, წარმოების, დისტრიბუციის... ადგილი თბილისი :
გამოცემის, წარმოების, დისტრიბუციის... სახელწოდება ილიას სახელმწ. უნ-ტი,
გამოცემის, წარმოების, დისტრიბუციის... თარიღი 2012.
300 ## - ფიზიკური აღწერა
Extent 310 გვ. :
Other physical details ცხრ. ;
Dimensions 20 სმ.
504 ## - BIBLIOGRAPHY, ETC. NOTE
Bibliography, etc ბიბლიოგრაფია: გვ.303-310
653 ## - INDEX TERM--UNCONTROLLED
Uncontrolled term განათლების დაფინანსება
653 ## - INDEX TERM--UNCONTROLLED
Uncontrolled term ზოგადსაგანმანათლებლო სკოლები
700 ## - ADDED ENTRY--PERSONAL NAME
Personal name გიორგობიანი, ზურაბ
9 (RLIN) 6069
700 ## - ADDED ENTRY--PERSONAL NAME
Personal name შუკაკიძე, ბერიკა
9 (RLIN) 6070
700 ## - ADDED ENTRY--PERSONAL NAME
Personal name ყურაშვილი, ლანა
Relator term მთარგმნელი
9 (RLIN) 6071
700 ## - ADDED ENTRY--PERSONAL NAME
Personal name თვალჭრელიძე, გვანცა
Relator term მთარგმნელი
9 (RLIN) 6072
942 ## - ADDED ENTRY ELEMENTS (KOHA)
Source of classification or shelving scheme
Koha item type წიგნი
ეგზემპლარები
ჩამოწერის სტატუსი დაკარგული ეგზემპლარის სტატუსი კლასიფიკაციის წყარო ან თაროზე გაწყობის სქემა დაზიანების სტატუსი არ გაიცემა მუდმივი მდებარეობა (დაცვის ადგილი) ამჟამინდელი ადგილსამყოფელი თაროზე განთავსების ადგილი შეძენის თარიღი ღირებულება, შესყიდვის ნორმალური ფასი სრული შენახვის შიფრი შტრიხკოდი ბოლო ოპერაციის თარიღი ეგზემპლარის მიმდევრობითი ნომერი (კეტერი?) ფასის ძალაში შესვლის თარიღი ეგზემპლარის სახეობა საჯარო შენიშვნა
          ბათუმის შოთა რუსთაველის სახელმწიფო უნივერსიტეტის მთავარი ბიბლიოთეკა ბათუმის შოთა რუსთაველის სახელმწიფო უნივერსიტეტის მთავარი ბიბლიოთეკა წიგნსაცავი 2020-01-10 10.00 338+37 მ-40 60357 2020-01-10 60357 2020-01-10 წიგნი 10.00